[Event "TSGM Jan"]
[Site "Novi Sad YUG"]
[Date "2003.01.22"]
[Round "6"]
[White "Fontaine,R"]
[Black "Feletar,D"]
[Result "1-0"]
[WhiteElo "2529"]
[BlackElo "2434"]

1.e4 c5 2.Nf3 d6 3.Bb5+ Nd7 4.d4 Nf6 5.Nc3 a6 6.Bxd7+ Nxd7 7.O-O e6 8.Bg5 Qc7
9.d5 e5 10.a4 h6 11.Bh4 g6 12.Nd2 Bg7 13.Nc4 Nb6 14.Na3 Bd7 15.a5 Nc8 16.Nc4 b5
17.Ne3 O-O 18.g4 Na7 19.Ne2 Rae8 20.Kh1 Nc8 21.Rg1 Kh7 22.Ng3 f6 23.Nef5 gxf5
24.gxf5 Re7 25.Nh5 Be8 26.Ra3 Bxh5 27.Qxh5 Ref7 28.Rag3 Qe7 29.Rg6 Rg8 30.f3 Qf8
31.Be1 Ne7 32.Bd2 Rh8 33.Rxh6+  1-0

[Event "TCh-AUT 2002-3"]
[Site "Jenbach AUT"]
[Date "2003.01.23"]
[Round "5"]
[White "Blaas,H"]
[Black "Beck,H"]
[Result "1/2-1/2"]
[WhiteElo "2266"]
[BlackElo "2257"]

1.e4 c5 2.Nf3 d6 3.Bb5+ Bd7 4.Bxd7+ Qxd7 5.c4 e5 6.d3 Be7 7.Nc3 Nf6 8.Bg5 O-O
9.O-O Nc6 10.Nh4 Nd4 11.f4 exf4 12.Bxf4 Nxe4 13.Nxe4 Bxh4 14.Bxd6 Be7 15.Bxc5 f5
16.Bxe7 Qxe7 17.Nc3 Rae8 18.Nd5 Ne2+ 19.Kh1 Qh4 20.Rf3 g5 21.Re3 Rxe3 22.Nxe3 Qf2
23.Nd5 Kg7 24.Qe1 Qxe1+ 25.Rxe1 Re8 26.Rd1 f4 27.h3 Ng3+ 28.Kg1 Re2 29.b4 Nf5
30.a4 Nh4 31.Kf1 Rxg2 32.Re1 Rd2 33.Re7+ Kg6 34.Rxb7 Nf3 35.Rxa7 Nh2+ 36.Ke1 Nf3+
37.Kf1  1/2-1/2

[Event "TCh-AUT 2002-3"]
[Site "Jenbach AUT"]
[Date "2003.01.23"]
[Round "5"]
[White "Eichler,C"]
[Black "Stangl,M"]
[Result "0-1"]
[WhiteElo "2302"]
[BlackElo "2494"]

1.e4 c5 2.Nf3 d6 3.Bb5+ Bd7 4.Bxd7+ Nxd7 5.O-O Ngf6 6.Re1 e6 7.Nc3 Be7 8.d3 O-O
9.Bf4 a6 10.e5 dxe5 11.Nxe5 Nxe5 12.Bxe5 b5 13.Qf3 Nd7 14.Qg3 Nxe5 15.Qxe5 Rc8
16.Qe2 Bf6 17.Nd1 Qd7 18.Rb1 g6 19.Ne3 h5 20.Nf1 Rfd8 21.Nd2 Qd5 22.b3 Qd4
23.Nf3 Qc3 24.Qd2 c4 25.bxc4 bxc4 26.Qxc3 Bxc3 27.Red1 Bf6 28.Ne1 cxd3 29.cxd3 Rc3
30.Rd2 Ra3 31.Rc2 Rd5 32.Rd1 Rda5 33.Rdd2 Bc3 34.Re2 Rb5 35.Rc1 Bb2 36.Rcc2 Rxa2
37.g3 a5 38.Kg2 a4 39.d4 Ra1 40.Rxb2 Rxe1 41.Rxe6 Rxe6 42.Rxb5 Ra6 43.Rb2 a3
44.Ra2 Kg7 45.Kf3 Kf6 46.Ke4 Ke6 47.h4 Ra4 48.Kd3 Kd5 49.Kc3 Rc4+ 50.Kb3 Rxd4
51.Kxa3 Ke4 52.Kb3 Kf3 53.Kc3 Rd6 54.Rb2 Kg2 55.Rb4 Kxf2 56.g4 Kg3 57.gxh5 gxh5  0-1

[Event "TCh-AUT 2002-3"]
[Site "Jenbach AUT"]
[Date "2003.01.24"]
[Round "6"]
[White "Pilz,D"]
[Black "Karner,C"]
[Result "1-0"]
[WhiteElo "2309"]
[BlackElo "2343"]

1.e4 c5 2.Nf3 d6 3.Bb5+ Nd7 4.c3 Nf6 5.Qe2 a6 6.Ba4 g6 7.d4 cxd4 8.cxd4 Bg7
9.O-O O-O 10.Nc3 b5 11.Bb3 b4 12.e5 dxe5 13.dxe5 bxc3 14.exf6 Nxf6 15.bxc3 Bb7
16.Bb2 Qc7 17.Rfe1 e6 18.c4 Ne4 19.Bxg7 Kxg7 20.Qb2+ Kg8 21.Ne5 f6 22.Ng4 Qf4
23.c5 Qxg4 24.f3 Qf5 25.fxe4 Qxc5+ 26.Kh1 Rae8 27.Rac1 Qb6 28.Qd2 Rd8 29.Qf4 Rd4
30.h3 f5 31.Qe5 Rd6 32.exf5 Bd5 33.fxe6 Bxg2+ 34.Kh2 Bd5 35.Bxd5 Rf2+ 36.Kh1  1-0

[Event "ch-IND"]
[Site "Mumbai IND"]
[Date "2003.01.30"]
[Round "19"]
[White "Neelotpal,D"]
[Black "Saravanan,V"]
[Result "1/2-1/2"]
[WhiteElo "2406"]
[BlackElo "2357"]

1.e4 c5 2.Nf3 d6 3.Bb5+ Nc6 4.c3 Nf6 5.Qe2 e5 6.d4 cxd4 7.cxd4 Bd7 8.Bxc6 Bxc6
9.Nc3 Qb8 10.O-O Be7 11.dxe5 dxe5 12.Nh4 Bd7 13.Nf5 Bxf5 14.exf5 O-O 15.Bg5 Re8
16.Rad1 Qc8 17.Bxf6 Bxf6 18.Ne4 Rd8 19.Nxf6+ gxf6 20.Qg4+ Kh8 21.Qh5 Rxd1
22.Rxd1 Qc2 23.g3 Kg7 24.Qg4+ Kh8 25.Qh5 Kg7 26.Rd6 Qe4 27.Rd7  1/2-1/2

[Event "National I"]
[Site "Montpellier FRA"]
[Date "2003.02.01"]
[Round "2"]
[White "Guyot,P1"]
[Black "Fontaine,R"]
[Result "0-1"]
[WhiteElo "2261"]
[BlackElo "2529"]

1.e4 c5 2.Nf3 d6 3.Bb5+ Nd7 4.d4 Nf6 5.Nc3 a6 6.Bxd7+ Nxd7 7.O-O e6 8.a4 Be7
9.dxc5 Nxc5 10.Bf4 Qc7 11.Qd2 O-O 12.Rfd1 e5 13.Nd5 Qd8 14.Be3 Nxe4 15.Qb4 Nf6
16.Nxe7+ Qxe7 17.Qxd6 Qxd6 18.Rxd6 Re8 19.Re1 Bd7 20.Bg5 Bxa4 21.b3 Bc6 22.Bxf6 gxf6
23.Rxf6 Rad8 24.Rf5 e4 25.Ne5 Bd7 26.Nxd7 Rxd7 27.Rf4 Rd2 28.g3 e3 29.Rxe3 Rxe3
30.fxe3 Rxc2 31.Rf6 Rb2 32.Rb6 a5 33.Rb5 b6 34.Kf1 Kg7 35.h4 h5 36.Ke1 f6
37.Kd1 Kg6 38.e4 Kf7 39.Kc1 Re2 40.Rxb6 Rxe4 41.Ra6 Re5 42.Ra8 Kg6 43.Kd2 Kf5
44.Ra6 Kg4 45.Rxf6 Kxg3 46.Rb6 Kxh4 47.b4 axb4 48.Rxb4+ Kg3 49.Rb3+ Kf2  0-1

[Event "ch-EGY 3rd Stage"]
[Site "Cairo EGY"]
[Date "2003.02.02"]
[Round "8"]
[White "Ahmed,Es"]
[Black "Sameeh,H"]
[Result "1-0"]
[WhiteElo "2395"]
[BlackElo "2369"]

1.e4 c5 2.Nf3 d6 3.Bb5+ Bd7 4.Bxd7+ Qxd7 5.O-O Nc6 6.c3 Nf6 7.Re1 e6 8.d3 Be7
9.Nbd2 O-O 10.d4 cxd4 11.cxd4 Rac8 12.Qb3 Qc7 13.d5 exd5 14.exd5 Na5 15.Qd3 Rfe8
16.Nf1 Qc4 17.Rd1 Qxd3 18.Rxd3 Ne4 19.Be3 a6 20.b3 Bf6 21.Re1 Bd8 22.Bd4 Nf6
23.Rde3 Rf8 24.Rd3 b5 25.Ne3 g6 26.h3 Re8 27.g3 Ne4 28.Kg2 Nb7 29.b4 a5 30.Rb1 a4
31.Rdd1 Bf6 32.Rbc1 Bxd4 33.Rxc8 Rxc8 34.Nxd4 Nd8 35.Nxb5 Rb8 36.Rd4 f5 37.Na3 Nc3
38.Rd2 Nf7 39.b5 Ne5 40.f3 Nd7 41.Rb2 Kf7 42.Nec4 Ke7 43.Na5 Kf6 44.Nc6 Rb6
45.Nd4 Ke5 46.Rd2 Kf6 47.Nc4 Rb8 48.Nxd6 Nb6 49.Nc6 Rf8 50.Nb4 Ke5 51.Nb7 Nbxd5
52.f4+ Ke6 53.Nc5+ Kd6 54.Nxd5 Nxd5 55.Nxa4 Ke6 56.Nc5+ Kd6 57.Na6 Ke6 58.a4 Rc8
59.a5 Rc1 60.b6 Ne3+ 61.Kf2 Nc4  1-0

[Event "3rd IM"]
[Site "Griesheim GER"]
[Date "2003.02.02"]
[Round "5"]
[White "Schramm,C"]
[Black "Trichkov,V"]
[Result "1-0"]
[WhiteElo "2331"]
[BlackElo "2290"]

1.e4 c5 2.Nf3 d6 3.Bb5+ Nd7 4.O-O a6 5.Bxd7+ Bxd7 6.h3 Qc7 7.Re1 Nf6 8.Nc3 e6
9.d4 cxd4 10.Qxd4 Be7 11.Bg5 O-O 12.Rad1 Rfd8 13.Bxf6 Bxf6 14.Qxd6 Qxd6 15.Rxd6 Bxc3
16.Red1 Bxb2 17.Rxd7 Rxd7 18.Rxd7 b5 19.Rc7 h6 20.Kf1 Rd8 21.Ke2 Rd6 22.c3 a5
23.Ne5 Ra6 24.Nd3 Ba3 25.Rb7 b4 26.c4 Rc6 27.c5 a4 28.Ra7 b3 29.axb3 Bxc5
30.Rxa4 Bb6 31.Ra6 f6 32.Nb4 Rd6 33.f4 Bc5 34.Rxd6 Bxd6 35.Nd3 Kf7 36.Ke3 Ke7
37.Kd4 Kd7 38.Nc5+ Ke7 39.f5 exf5 40.exf5 h5 41.Kd5 Bh2 42.Ne6 Kf7 43.g4 hxg4
44.hxg4 g6 45.b4 gxf5 46.gxf5 Kg8 47.b5 Kh7 48.b6 Kh6 49.Nc7 Kg5 50.Ke6 Be5
51.Na6  1-0

[Event "II Marcelo Salado Cup Gp A"]
[Site "Santa Clara CUB"]
[Date "2003.02.03"]
[Round "1"]
[White "Alvarez Pedraza,A"]
[Black "Huerta,Da"]
[Result "1-0"]
[WhiteElo "2233"]
[BlackElo "2278"]

1.e4 c5 2.Nf3 d6 3.Bb5+ Nd7 4.c3 Nf6 5.Qe2 a6 6.Ba4 b5 7.Bc2 c4 8.b3 Qc7
9.Na3 Nb6 10.Bb2 e5 11.O-O Be7 12.Rfd1 O-O 13.d4 Bg4 14.h3 Bh5 15.Rd2 Nfd7
16.g4 Bg6 17.d5 h5 18.Rad1 hxg4 19.hxg4 Nf6 20.Nxe5 dxe5 21.d6 Bxd6 22.Rxd6 Rfc8
23.f3 Ne8 24.R6d2 Qe7 25.Nb1 Rc6 26.Ba3 Qg5 27.Qf2 Rac8 28.Bb4 Bh5 29.Bd6 Bg6
30.Bb4 Bh5 31.Kf1 Bg6 32.Ke2 Na8 33.Rh1 Bh7 34.Rh5 Qf4 35.Be7 Nf6 36.Rh4 Nc7
37.Rd1 Ne6 38.g5 Qxg5 39.Rg1 Nf4+ 40.Kf1 Qxg1+ 41.Qxg1 Ng6 42.Bxf6 Rxf6 43.Rh3 Nf4
44.Rh2 Ne6 45.Qg4 Re8 46.Qh5 Nf8 47.Qh3  1-0

[Event "II Marcelo Salado Cup Gp A"]
[Site "Santa Clara CUB"]
[Date "2003.02.04"]
[Round "2"]
[White "Garcia Gomez,R"]
[Black "Fernandez,Alex"]
[Result "1-0"]
[WhiteElo "2198"]
[BlackElo "2373"]

1.e4 c5 2.Nf3 d6 3.Bb5+ Bd7 4.Bxd7+ Qxd7 5.c4 Nc6 6.d4 cxd4 7.Nxd4 Nf6 8.Nc3 g6
9.f3 Bg7 10.Be3 O-O 11.O-O Rfc8 12.b3 b6 13.Qd2 Qb7 14.a4 a6 15.Nxc6 Rxc6
16.Bd4 Rac8 17.Rfd1 Ne8 18.Bxg7 Nxg7 19.Qe3 Rc5 20.Nd5 Rb8 21.Rac1 Ne8 22.Rd3 e6
23.Nc3 Qe7 24.Rcd1 Qf6 25.Qd4 Qh4 26.Qf2 Qh5 27.f4 Rcc8 28.f5 Qh6 29.fxe6 fxe6
30.Rf1 Qg7 31.Rf3 Nc7 32.Rf7 Qxc3 33.Qh4 Qh8 34.Qh6 b5 35.h4 e5 36.h5 Ne6
37.hxg6 hxg6 38.Qxg6+ Ng7 39.R1f3 Qh7 40.Rxg7+ Qxg7 41.Qe6+  1-0

[Event "II Marcelo Salado Cup Gp B"]
[Site "Santa Clara CUB"]
[Date "2003.02.04"]
[Round "2"]
[White "Gil Hector,L"]
[Black "Ulloa,Y"]
[Result "1-0"]
[WhiteElo "2237"]
[BlackElo "2036"]

1.e4 c5 2.Nf3 d6 3.Bb5+ Bd7 4.Bxd7+ Qxd7 5.O-O g6 6.c3 Bg7 7.d4 Nf6 8.Re1 O-O
9.h3 Rd8 10.Nbd2 Qc7 11.e5 dxe5 12.dxe5 Nd5 13.Qa4 Nc6 14.Qe4 b5 15.Nf1 Rac8
16.N1h2 b4 17.c4 Nb6 18.Ng4 Nd4 19.b3 Qc6 20.Qxc6 Rxc6 21.Nxd4 Rxd4 22.Be3 Rd8
23.f4 a5 24.Nf2 f6 25.exf6 Bxf6 26.Rad1 Rdc8 27.Ne4 Bg7 28.Bf2 e5 29.Nd6 Rd8
30.fxe5 Bxe5 31.Rxe5 Rdxd6 32.Rxd6 Rxd6 33.Rxc5 Rd1+ 34.Kh2 Rd2 35.Bh4 Rxa2
36.Bd8 a4 37.Bxb6 axb3 38.Rb5 Rc2 39.Rxb4 b2 40.Bd4 Rxc4 41.Rb8+ Kf7 42.Bxb2 g5
43.Rb7+ Kg6 44.Rg7+ Kh6 45.Rg8 Kh5 46.Bf6 Rc5 47.Bd4 Ra5 48.g4+ Kh6 49.Bg7+ Kg6
50.Bc3+ Kf7 51.Bxa5 Kxg8 52.Kg3 Kg7 53.Kf3 Kg6 54.Ke4 h5 55.Ke5 Kg7 56.Kf5  1-0

[Event "Gibraltar Masters"]
[Site "Catalan Bay ENG"]
[Date "2003.02.05"]
[Round "9"]
[White "Shaw,J"]
[Black "Hamdouchi,H"]
[Result "1-0"]
[WhiteElo "2470"]
[BlackElo "2615"]

1.e4 c5 2.Nf3 d6 3.Bb5+ Nd7 4.d4 Nf6 5.Nc3 cxd4 6.Qxd4 a6 7.Bxd7+ Nxd7 8.O-O e6
9.Rd1 f6 10.a4 Qc7 11.Be3 Be7 12.a5 Ne5 13.Nxe5 dxe5 14.Qa4+ Bd7 15.Qa2 Rc8
16.Na4 Bxa4 17.Qxa4+ Qc6 18.Qxc6+ Rxc6 19.c3 Rd6 20.Kf1 Kf7 21.Ke2 Rc8 22.Rxd6 Bxd6
23.Bb6 f5 24.f3 Ke7 25.Kd3 h5 26.b4 g5 27.h3 Kd7 28.Rd1 g4 29.hxg4 hxg4 30.Rh1 gxf3
31.Rh7+ Kc6 32.gxf3 Rg8 33.c4 Re8 34.Kc3 Be7 35.Rf7 fxe4 36.fxe4 Bd8 37.Bxd8 Rxd8
38.Re7 Rd6 39.c5 Rd1 40.Rxe6+ Kd7 41.Rxe5 Rc1+ 42.Kb2 Re1 43.Kc2 Re3 44.Kd2 Rb3
45.Rd5+ Ke6 46.Rd6+ Ke5 47.Rb6 Kxe4 48.Rxb7 Kd5 49.Rb6 Kc4 50.c6 Rd3+ 51.Ke2 Rd8
52.Ke3 Re8+ 53.Kf4 Kd5 54.c7 Rc8 55.Rxa6 Rxc7 56.Rb6 Rf7+ 57.Kg5 Kc4 58.a6 Rf1
59.b5 Kc5 60.Rb7  1-0

[Event "II Marcelo Salado Cup Gp A"]
[Site "Santa Clara CUB"]
[Date "2003.02.06"]
[Round "5"]
[White "Garcia Gomez,R"]
[Black "Huerta,Da"]
[Result "1/2-1/2"]
[WhiteElo "2198"]
[BlackElo "2278"]

1.e4 c5 2.Nf3 d6 3.Bb5+ Nd7 4.d4 Nf6 5.Nc3 cxd4 6.Qxd4 e5 7.Qd3 h6 8.Nd2 Be7
9.Nc4 O-O 10.Bxd7 Qxd7 11.Ne3 Qd8 12.Ncd5 Nxd5 13.Qxd5 Rb8 14.O-O Be6 15.Qd3 Qb6
16.Nd5 Bxd5 17.Qxd5 Qc6 18.c4 Qxd5 19.cxd5 Rfc8 20.Be3 Rc2 21.Bxa7 Ra8 22.Be3 Rxb2
23.g3 f5 24.exf5 Raxa2 25.Rxa2 Rxa2 26.Rb1 Ra5 27.Rxb7 Bf6 28.Rb8+ Kf7 29.Rb7+ Kg8
30.Rb8+ Kh7 31.Rb2 Rxd5 32.Rd2 Rxd2 33.Bxd2 Kg8 34.f3 Kf7 35.Kf2 d5 36.Ke2  1/2-1/2

[Event "TCh-BEL 2002-3"]
[Site "Belgium BEL"]
[Date "2003.02.09"]
[Round "8"]
[White "Degraeve,JM"]
[Black "Naiditsch,A"]
[Result "0-1"]
[WhiteElo "2575"]
[BlackElo "2586"]

1.e4 c5 2.Nf3 d6 3.Bb5+ Bd7 4.Bxd7+ Qxd7 5.O-O Nf6 6.e5 dxe5 7.Nxe5 Qc8 8.Qf3 e6
9.Nc3 Be7 10.d3 Nbd7 11.Nc4 Nb6 12.Na5 Nbd5 13.Nxd5 Nxd5 14.c4 Nb4 15.Qxb7 Qxb7
16.Nxb7 a5 17.Bd2 Ra7 18.Nxa5 Rxa5 19.a3 Nc6 20.Bxa5 Nxa5 21.b4 Nc6 22.Rfb1 Kd7
23.bxc5 Kc7 24.Rb5 Ra8 25.a4 Nd4 26.Rb2 Bxc5 27.a5 Ra6 28.Kf1 g5 29.Rab1 f5
30.Rb7+ Kc6 31.Rxh7 Rxa5 32.h3 Ra2 33.Re1 Kd6 34.Rh6 Rd2 35.Rg6 Ke7 36.Rxg5 Kf6
37.Rh5 Nc2 38.Rh6+ Kf7 39.Rb1 Kg7  0-1

[Event "11th Aosta Open"]
[Site "Saint Vincent ITA"]
[Date "2003.02.11"]
[Round "4"]
[White "Skripchenko,A"]
[Black "Tiviakov,S"]
[Result "0-1"]
[WhiteElo "2501"]
[BlackElo "2635"]

1.e4 c5 2.Nf3 d6 3.Bb5+ Nc6 4.O-O Bd7 5.Re1 Nf6 6.Bxc6 Bxc6 7.e5 dxe5 8.Nxe5 Rc8
9.d3 e6 10.Nxc6 Rxc6 11.Nd2 Be7 12.Nc4 O-O 13.Bg5 Nd5 14.Bxe7 Nxe7 15.a4 b6
16.Qf3 Rc7 17.Na3 Qd7 18.Qf4 Nc6 19.Nb5 Rcc8 20.Qd6 Rfd8 21.Qxd7 Rxd7 22.f4 g6
23.Kf2 Nb4 24.Na3 Kg7 25.Re2 h6 26.a5 Kf6 27.axb6 axb6 28.Nc4 Nd5 29.Kf3 b5
30.Ne3 Nxe3 31.Rxe3 c4 32.dxc4 Rxc4 33.Re2 g5 34.fxg5+ hxg5 35.h3 b4 36.Ra4 Rf4+
37.Kg3 Rc7 38.Ra5 Rc6 39.Rb5 Rfc4 40.Kf3 Kg6 41.g4 Rf4+ 42.Kg3 Rd4 43.Rbe5 Rcc4
44.Rb5 Rd1 45.Rf2 Rg1+ 46.Kh2 Rc1 47.Kg3 Rg1+ 48.Kh2 Re1 49.Kg2 e5 50.Rb6+ Kg7
51.Rb7 Rf4 52.Rxf4 gxf4 53.Rxb4 Re2+ 54.Kf3 Rxc2 55.h4 Rh2 56.Rb5 Rh3+ 57.Kf2 f6
58.h5 Kh6 59.Rb8 e4 60.Re8 e3+ 61.Ke2 Kg5 62.Rg8+ Kh4 63.h6 Kg3 64.Rg6 Rh2+
65.Kd3 e2 66.Kd2 Kf2  0-1

[Event "Hotel Opatija GM Feb"]
[Site "Rijeka CRO"]
[Date "2003.02.13"]
[Round "11"]
[White "Nurkic,S"]
[Black "Topalovic,Z"]
[Result "0-1"]
[WhiteElo "2379"]
[BlackElo "2311"]

1.e4 c5 2.Nf3 d6 3.Bb5+ Nd7 4.a4 Nf6 5.Nc3 e5 6.O-O Be7 7.d3 O-O 8.Nd2 Nb8
9.f4 exf4 10.Rxf4 Nc6 11.h3 d5 12.exd5 Nd4 13.Nf1 Nxd5 14.Re4 Nb4 15.Ne3 f5
16.Rf4 Bd6 17.Bc4+ Kh8 18.Rf2 Bg3 19.Rd2 f4 20.Nf1 Be1 21.Qxe1 Nbxc2 22.Qe5 Nxa1
23.Rd1 f3 24.Bh6 Qf6 25.Bxg7+ Kxg7 26.Qc7+ Kh8  0-1

[Event "TCh-CZE 2002-3"]
[Site "Czech Rep CZE"]
[Date "2003.02.16"]
[Round "7"]
[White "Velicka,P"]
[Black "Stohl,I"]
[Result "1/2-1/2"]
[WhiteElo "2426"]
[BlackElo "2549"]

1.e4 c5 2.Nf3 d6 3.Bb5+ Nd7 4.d4 Nf6 5.O-O Nxe4 6.Qe2 Nf6 7.dxc5 e6 8.cxd6 Bxd6
9.Nbd2 a6 10.Nc4 Bc5 11.Bxd7+ Bxd7 12.Nce5 Qc7 13.Rd1 Bc6 14.Bg5 O-O 15.Nxc6 Qxc6
16.Bxf6 gxf6 17.Nd4 Qb6 18.Nb3 Rfd8 19.Nxc5 Qxc5 20.Rd3 Rd5 21.Rxd5 Qxd5
22.Rd1 Qxa2 23.Qg4+ Kh8 24.Qd4 Kg7 25.Qg4+ Kh8 26.Qd4 Kg7  1/2-1/2

[Event "Aeroflot Open"]
[Site "Moscow RUS"]
[Date "2003.02.17"]
[Round "7"]
[White "Kazhgaleyev,M"]
[Black "Fedorov,Alex"]
[Result "0-1"]
[WhiteElo "2604"]
[BlackElo "2579"]

1.e4 c5 2.Nf3 d6 3.Bb5+ Nd7 4.d4 Nf6 5.Nc3 cxd4 6.Qxd4 e5 7.Qd3 h6 8.Bc4 a6
9.a4 Nb6 10.Bb3 Be6 11.Be3 Be7 12.a5 Nbd7 13.Bxe6 fxe6 14.Qc4 Kf7 15.h3 Qc8
16.Qb3 Qc6 17.Ra4 Nc5 18.Bxc5 Qxc5 19.O-O Rhb8 20.Rb4 Qxa5 21.Rxb7 Nd7 22.Rd1 Qc5
23.Nd2 Rxb7 24.Qxb7 Ra7 25.Qb3 Rc7 26.Qa4 Bh4 27.Qxa6 Bxf2+ 28.Kh1 Ke7 29.Nf3 Nf6
30.Qd3 Rc6 31.Ra1 Nh5 32.Ra6 Rxa6 33.Qxa6 Qe3 34.Nd1 Qc1 35.Qd3 Bc5 36.g4 Nf4
37.Qd2 Qxd2 38.Nxd2 Nxh3 39.Kg2 Ng5 40.c3 d5 41.b4 Ba7 42.c4 dxc4 43.Nxc4 Nxe4
44.Nxe5 Kd6 45.Nd3 e5 46.Kf3 Kd5 47.Ne1 Bd4 48.Nc2 Ng5+ 49.Ke2 Ne6 50.Nce3+ Ke4
51.Nf2+ Kf4 52.Nd3+ Kg3 53.b5 e4 54.Nb4 Nf4+ 55.Kd2 Kf3 56.Nbc2 Bc5 57.Nf5 Ne6
58.Nce3 Nd4 59.Nh4+ Kf2 60.Nd1+ Kg3 61.Ng6 Nxb5 62.g5 h5 63.Ne3 Nd6  0-1

[Event "ch-RUS w 1st League"]
[Site "Serpukhov RUS"]
[Date "2003.02.21"]
[Round "2"]
[White "Mashinskaya,I"]
[Black "Sharova,T"]
[Result "1-0"]
[WhiteElo "2242"]
[BlackElo "2114"]

1.e4 c5 2.Nf3 d6 3.Bb5+ Bd7 4.Bxd7+ Qxd7 5.c4 Nc6 6.O-O e5 7.Nc3 Nge7 8.Nd5 Nxd5
9.exd5 Ne7 10.d3 g6 11.Rb1 Bg7 12.b4 b6 13.Ng5 h6 14.Ne4 f5 15.Ng3 f4 16.Ne4 O-O
17.f3 Nf5 18.Rf2 Bf6 19.Rfb2 cxb4 20.Rxb4 g5 21.a4 Bd8 22.Bd2 Rf7 23.Be1 Ne3
24.Qe2 h5 25.Bf2 Nf5 26.h3 Kg7 27.Qb2 Rc8 28.d4 exd4 29.Bxd4+ Nxd4 30.Qxd4+ Bf6
31.Nxf6 Rxf6 32.a5 Qc7 33.Kh2 Qc5 34.Qxc5 Rxc5 35.axb6 axb6 36.Rc1 b5 37.Rxb5 Rxb5
38.cxb5 Rf5 39.Rb1 Rf7 40.b6 Rb7 41.h4 Kf6 42.Kh3 gxh4 43.Kxh4 Ke5 44.Rb5 Kf5
45.Rb4 Kg6 46.Rxf4 Rxb6 47.Re4 Kf5 48.Re6 Rb2 49.Kh3 Rb6 50.g3 Ra6 51.f4 Rb6
52.Rh6 Ke4 53.Rxh5 Rb5 54.Kg4 Ke3 55.f5 Rxd5 56.f6 Rd4+ 57.Kf5 Kf3 58.Kg6 Kxg3
59.f7  1-0

[Event "4th ch-Asia"]
[Site "Doha QAT"]
[Date "2003.02.22"]
[Round "1"]
[White "Nezad,H"]
[Black "Zagrebelny,S"]
[Result "0-1"]
[WhiteElo "2334"]
[BlackElo "2540"]

1.e4 c5 2.Nf3 d6 3.Bb5+ Nd7 4.c3 Nf6 5.Qe2 a6 6.Ba4 c4 7.Bxd7+ Bxd7 8.Qxc4 Bb5
9.Qd4 e5 10.Qe3 Ng4 11.Qg5 Qc8 12.d4 Be7 13.Qd2 f5 14.Qc2 fxe4 15.Qxe4 Nf6
16.Qc2 e4 17.Ng5 Bd3 18.Qb3 Qg4 19.Qf7+ Kd7 20.f3 Qxg2  0-1

[Event "6th Open"]
[Site "Malaga ESP"]
[Date "2003.02.22"]
[Round "2"]
[White "Terron Elena,F"]
[Black "Suba,M"]
[Result "0-1"]
[WhiteElo "2227"]
[BlackElo "2501"]

1.e4 c5 2.Nf3 d6 3.Bb5+ Nd7 4.O-O a6 5.Bxd7+ Bxd7 6.d4 cxd4 7.Qxd4 e5 8.Qd3 h6
9.c4 b5 10.Nc3 bxc4 11.Qxc4 Nf6 12.Rd1 Qc8 13.Qe2 Be7 14.Nd2 Qc5 15.Nb3 Qb4
16.Bd2 Qb8 17.Na5 O-O 18.Be3 Rc8 19.f3 Qb4 20.Nb3 Be6 21.Nc1 Bc4 22.Qd2 Rab8
23.Rb1 Kh7 24.N1e2 Be6 25.b3 a5 26.Qd3 g6 27.Rbc1 Rd8 28.Bd2 Qb6+ 29.Qe3 Qxe3+
30.Bxe3 d5 31.exd5 Nxd5 32.Nxd5 Rxd5 33.Rxd5 Bxd5 34.Bc5 Bg5 35.Rd1 Be6 36.Kf2 a4
37.Nc1 axb3 38.axb3 Bxb3 39.Nxb3 Rxb3 40.Rd7 Rb2+ 41.Kf1 Kg7 42.Rd5 Kf6 43.Rd6+ Kf5
44.Rd7 f6 45.Rd6 h5 46.Bb6 h4 47.h3 Kf4 48.Bf2 Rc2 49.Ra6 Kf5 50.Ra4 Bc1
51.Rxh4 Bb2 52.Ra4 g5 53.Rb4 Rc1+ 54.Ke2 Rc2+ 55.Kf1 Rc1+ 56.Ke2 Ba3 57.Ra4 Rc2+
58.Kf1 Bb2 59.Rb4 Ke6 60.Rb6+ Kf7 61.Ra6 Bd4 62.Bxd4 exd4 63.Rd6 Rd2 64.Ke1 Rxg2
65.Rxd4 Rh2 66.Rd6 Rxh3 67.Kf2 Rh4 68.Kg3 Kg6 69.Ra6 Rb4 70.Rc6 Rb1 71.Rc5 Rg1+
72.Kf2 Ra1 73.Kg3 f5 74.Rc6+ Kh5 75.Rc8 Ra6 76.Rh8+ Kg6 77.Rg8+ Kf6 78.Rf8+ Ke6  0-1

[Event "6th Open"]
[Site "Malaga ESP"]
[Date "2003.02.22"]
[Round "2"]
[White "Cabrera,A"]
[Black "Gutierrez Lopez,C"]
[Result "1-0"]
[WhiteElo "2478"]
[BlackElo "2172"]

1.e4 c5 2.Nf3 d6 3.Bb5+ Bd7 4.Bxd7+ Qxd7 5.c4 Nc6 6.Nc3 g6 7.d4 cxd4 8.Nxd4 Bg7
9.Nde2 Nf6 10.O-O O-O 11.f3 Rac8 12.Bg5 h6 13.Bh4 Rfd8 14.Qd2 Kh7 15.b3 Qe8
16.f4 Nd7 17.Rad1 Nc5 18.Qe3 a6 19.e5 Ne6 20.exd6 Rxd6 21.Nd5 Rcd8 22.f5 gxf5
23.Rxf5 Ng5 24.Bxg5 hxg5 25.Rxg5 Rh6 26.Ng3 Rg6 27.Rxg6 fxg6 28.Ne4 Qh8 29.Ng5+  1-0

[Event "ch-CZE"]
[Site "Lahucovice CZE"]
[Date "2003.02.23"]
[Round "6"]
[White "Oral,T"]
[Black "Stocek,J"]
[Result "0-1"]
[WhiteElo "2550"]
[BlackElo "2563"]

1.e4 c5 2.Nf3 d6 3.Bb5+ Nd7 4.d4 cxd4 5.Qxd4 a6 6.Bxd7+ Bxd7 7.Bg5 f6 8.Bd2 Qc7
9.Na3 Rc8 10.Rd1 g6 11.O-O Nh6 12.Qd3 Ng4 13.h3 Ne5 14.Nxe5 dxe5 15.Ba5 Qd6
16.Qb3 Qc6 17.Rd3 Be6 18.Qb4 Qc5 19.Rd8+ Kf7 20.Qxb7 Rxd8 21.Bxd8 Bh6 22.Rd1 Re8
23.Qxa6 Qb4 24.Qe2 Qxb2 25.Nb5 Qxa2 26.Nc7 Bc4 27.Qg4 Rxd8 28.Rxd8 Qa5 29.c3 Qxc7
30.Rc8 Qb7 31.Rxc4 Qb1+ 32.Kh2 Qf1 33.Qh4 Bf4+ 34.g3 Qxf2+ 35.Kh1 h5  0-1

[Event "52nd ch-BUL w"]
[Site "Sofia BUL"]
[Date "2003.02.23"]
[Round "4"]
[White "Djingarova,E"]
[Black "Gocheva,R"]
[Result "1-0"]
[WhiteElo "2267"]
[BlackElo "2217"]

1.e4 c5 2.Nf3 d6 3.Bb5+ Nc6 4.O-O Bd7 5.Re1 Nf6 6.c3 a6 7.Bf1 Bg4 8.d3 e6
9.Nbd2 Be7 10.h3 Bh5 11.g4 Bg6 12.Nh4 Nxg4 13.Nxg6 Nxf2 14.Kxf2 hxg6 15.Nf3 g5
16.Ke2 g4 17.hxg4 Ne5 18.Kd2 Nxg4 19.Kc2 Ne5 20.Nxe5 dxe5 21.Be3 Rh2+ 22.Re2 Rh7
23.Rc1 Qd7 24.Kb1 O-O-O 25.Rf2 f5 26.Qf3 f4 27.Bd2 Bh4 28.Rh2 g5 29.Be2 Kb8
30.Be1 Rdh8 31.Bxh4 Rxh4 32.Rxh4 Rxh4 33.Rg1 Qd8 34.Qf1 Rh2 35.Rh1 Qh8 36.Rxh2 Qxh2
37.Qf3 Qg1+ 38.Kc2 Kc7 39.Qg4 Qf2 40.Kd1 Kd6 41.a3 Kd7 42.a4 Kd6 43.a5 Kc7
44.Qxg5 f3 45.Qe7+ Kc6 46.Qe8+  1-0

[Event "Open"]
[Site "Cappelle la Grande FRA"]
[Date "2003.02.24"]
[Round "4"]
[White "Miroshnichenko,E"]
[Black "Bobras,P"]
[Result "0-1"]
[WhiteElo "2538"]
[BlackElo "2441"]

1.e4 c5 2.Nf3 d6 3.Bb5+ Bd7 4.Bxd7+ Qxd7 5.c4 Nc6 6.Nc3 Nf6 7.d4 cxd4 8.Nxd4 g6
9.f3 Bg7 10.Nde2 O-O 11.O-O e6 12.Bg5 h6 13.Bh4 a6 14.a4 Qc7 15.Rb1 Rad8
16.Kh1 Qa5 17.Qb3 Rd7 18.Rbd1 Rc8 19.Be1 Qc5 20.Bf2 Na5 21.Bxc5 Nxb3 22.Bxd6 Rxc4
23.e5 Ne8 24.Ba3 Rcc7 25.Rxd7 Rxd7 26.f4 f6 27.Kg1 Bf8 28.Bxf8 Kxf8 29.Rd1 Rxd1+
30.Nxd1 Nc7 31.Kf2 Ke7 32.Ndc3 Na8 33.Ke3 Nb6 34.g3 Kd7 35.Ng1 Kc6 36.Nf3 Nd5+
37.Kd3 Nc5+ 38.Kc4 Nxc3 39.Nd4+ Kd7 40.bxc3 Nxa4 41.Nb3 b6 42.Kb4 Nb2 43.c4 Nd3+
44.Kc3 Nf2 45.Kd4 a5 46.Kc3 Ng4 47.h4 Nf2 48.Kb2 Ne4 49.Ka3 Nxg3 50.c5 bxc5
51.Nxc5+ Ke7 52.Ka4 Ne2 53.Nd3 Nd4 54.Ne1 Kd7 55.Kxa5 Nc6+ 56.Kb5  0-1

[Event "4th ch-Asia"]
[Site "Doha QAT"]
[Date "2003.02.24"]
[Round "3"]
[White "Abu Sufian,S"]
[Black "Ahmed,SN"]
[Result "1-0"]
[WhiteElo "2226"]
[BlackElo "2309"]

1.e4 c5 2.Nf3 d6 3.Bb5+ Bd7 4.Bxd7+ Qxd7 5.O-O Nc6 6.c4 Nf6 7.Nc3 Nd4 8.d3 e6
9.Nxd4 cxd4 10.Ne2 e5 11.f4 Be7 12.Qe1 g6 13.h3 Nh5 14.Qf2 f6 15.a4 O-O 16.Qf3 Ng7
17.f5 gxf5 18.exf5 Qc6 19.Ng3 Qxf3 20.Rxf3 Rfd8 21.Bh6 Ne8 22.Ne4 d5 23.cxd5 Rxd5
24.Rc1 Rdd8 25.Rf2 Rac8 26.Rfc2 Rxc2 27.Rxc2 Kf7 28.g4 Nd6 29.Nxd6+ Rxd6
30.Kf2 Rb6 31.Kf3 Rb4 32.Bd2 Rb6 33.Ke4 Ke8 34.h4 Rc6 35.Rxc6 bxc6 36.g5 Kf7
37.gxf6 Bxf6 38.Bg5 Bg7 39.h5 h6 40.Bd8 Bh8 41.Bc7 Bg7 42.Bxe5 Bxe5 43.Kxe5 c5
44.b3  1-0

[Event "Open"]
[Site "Cappelle la Grande FRA"]
[Date "2003.02.25"]
[Round "5"]
[White "Sandipan,C"]
[Black "Szylar,E"]
[Result "1-0"]
[WhiteElo "2464"]
[BlackElo "2091"]

1.e4 c5 2.Nf3 d6 3.Bb5+ Bd7 4.Bxd7+ Qxd7 5.c4 Nc6 6.d4 cxd4 7.Nxd4 g6 8.Nc3 Bg7
9.Nde2 Nf6 10.f3 O-O 11.O-O a6 12.Bg5 Rab8 13.a4 Ne5 14.b3 e6 15.Qd2 Rfd8
16.f4 Nc6 17.f5 Rf8 18.Rad1 Rbd8 19.Qf4 Qc7 20.Qh4 h6 21.Bxf6  1-0

[Event "X Anibal Open"]
[Site "Linares ESP"]
[Date "2003.02.28"]
[Round "1"]
[White "Gokhale,J"]
[Black "Najer,E"]
[Result "0-1"]
[WhiteElo "2300"]
[BlackElo "2585"]

1.e4 c5 2.Nf3 d6 3.Bb5+ Bd7 4.Bxd7+ Qxd7 5.c4 Nc6 6.O-O Nf6 7.Nc3 e6 8.d4 cxd4
9.Nxd4 Be7 10.Re1 O-O 11.b3 Rfd8 12.Be3 Qc7 13.Rc1 Qa5 14.Qe2 Rac8 15.Red1 Bf8
16.f3 Re8 17.Qf2 a6 18.Na4 Ne5 19.Bd2 Qc7 20.Be3 Nfd7 21.Ne2 Rcd8 22.Nf4 Nc5
23.Nb2 Nc6 24.Nbd3 a5 25.Rd2 b6 26.Rcd1 Rb8 27.Nh5 Kh8 28.Qg3 Rb7 29.Nc1 a4
30.Rxd6 Ra8 31.R6d2 e5 32.Qf2 Ne6 33.Ng3 Ncd4 34.Nge2 Bb4 35.Rd3 Nc5 36.Nxd4 Nxd3
37.Nxd3 exd4 38.Bxd4 Bf8 39.Be3 Rd8 40.Qc2 a3 41.b4 Rbb8  0-1

[Event "6th Open"]
[Site "Malaga ESP"]
[Date "2003.02.28"]
[Round "8"]
[White "Cabrera,A"]
[Black "Tiviakov,S"]
[Result "1/2-1/2"]
[WhiteElo "2478"]
[BlackElo "2635"]

1.e4 c5 2.Nf3 d6 3.Bb5+ Nc6 4.O-O Bd7 5.Re1 Nf6 6.h3 e6 7.c3 Ne5 8.Bxd7+ Qxd7
9.d4 Nxf3+ 10.Qxf3 d5 11.e5 Ne4 12.Nd2 Nxd2 13.Bxd2 cxd4 14.cxd4  1/2-1/2